Wretched Kush : ethnic identities and boundaries in Egypt's Nubian empire /

محفوظ في:

المؤلف الرئيسي: Smith, Stuart Tyson, 1960- (مؤلف)

التنسيق: كتاب

اللغة: English

منشور في: London ; New York : Routledge, 2003.

الموضوعات:

الوسوم: إضافة وسم

لا توجد وسوم, كن أول من يضع وسما على هذه التسجيلة!

رقم الطلب: DT159.6 .N8 S65

LEADER 01104nam a22002777a 4500
003 OSt
005 20260419104740.0
008 260419t2003 enkab b 001 0 eng d
020 |a 0415369851 
020 |a 041536986x (pbk.) 
040 |c ARCE Library 
043 |a f-ua--- 
050 1 4 |a DT159.6 .N8  |b S65 
100 1 |a Smith, Stuart Tyson,  |d 1960-  |e author 
245 1 0 |a Wretched Kush :  |b ethnic identities and boundaries in Egypt's Nubian empire /  |c Stuart Tyson Smith. 
264 1 |a London ;  |a New York :  |b Routledge,  |c 2003. 
300 |a xx, 231 pages :  |b illustrations, maps ;  |c 24 cm. 
504 |a Includes bibliographical references (pages [207]-224) and index. 
505 0 |a 1. Boundaries and ethnicity -- 2. Ethnicity in antiquity -- 3. Ethnicity and archaeology -- 4. Egypt and Nubia -- 5. Life at Askut -- 6. Death at Tombos -- 7. Ideology and the Pharaohs -- 8. Ethnicity, agency, and empire. 
650 0 |a Ethnicity  |z Nubia. 
650 0 |a Ethnicity  |z Egypt.  
651 0 |a Nubia  |x Relations  |z Egypt. 
651 0 |a Egypt  |x Relations  |z Nubia. 
901 |a reviewed 
942 |c BK  |2 lcc 
999 |c 14982  |d 14982